• 首页
  • 本馆介绍
  • 公告通知
  • 最新文献
  • 馆藏检索
  • 电子资源
  • 读者导购
  • 参考咨询
  • 我的图书馆
  • 登录
  • 详细信息显示
  • 放入我的书架
  • 预约/预借图书
  • 作者相关作品
  • 分类相关作品
  • 丛书相关作品
  • 出版社相关作品

书目信息

  • 表格格式
  • 工作单格式
  • 卡片格式
题名:
舞蹈创作基础理论
    
 
作者: 许薇 编著
分册:  
出版信息: 苏州   苏州大学出版社  2016
页数: 269页
开本: 24cm
丛书名:
单 册:
中图分类: J704
科图分类:
主题词: 舞蹈创作--基础理论--高等学校--教材
电子资源:
ISBN: 978-7-5672-1661-7
000 01201nam0 2200241 450
001 1597
005 20180522131625.03
010    @a978-7-5672-1661-7@dCNY58.00
100    @a20170427d2016 em y0chiy50 ea
101 0  @achi
102    @aCN@b320000
105    @ay z 000yy
200 1  @a舞蹈创作基础理论@9wu dao chuang zuo ji chu li lun@dTheory of choreography@f许薇编著@zeng
210    @a苏州@c苏州大学出版社@d2016
215    @a269页@d24cm
314    @a许薇,博士,副教授,硕士生导师,美国加州艺术学院访问学者。现任南京艺术学院舞蹈学院副院长。中国舞蹈家协会会员,中国文艺评论家协会音乐舞蹈委员会委员,中国艺术医学协会常务理事,江苏省舞蹈家协会理事,江苏省文艺评论家协会理事,江苏省青年艺术家协会理事,江苏省“333高层次人才培养工程”中青年科学技术带头人,江苏省“青蓝工程”中青年学术带头人。获霍英东教育基金会高等院校青年教师奖、南京艺术学院首届刘海粟教学名师奖等荣誉。
330    @a本书共五章内容:舞蹈创作基本特征、舞蹈编创的基本要素、舞蹈编创的基本技法、舞蹈创作的时空呈现、舞蹈创作的其他艺术形式。
510 1  @aOry of choreography@zeng
606 0  @a舞蹈创作@x基础理论@x高等学校@j教材
690    @aJ704@v5
701  0 @a许薇@9xu wei@4编著
801  0 @aCN@b91MARC@c20170427
905    @aMuseLib@dJ704@e178
    
    舞蹈创作基础理论=Theory of choreography/许薇编著.-苏州:苏州大学出版社,2016
    269页;24cm
    
    
    ISBN 978-7-5672-1661-7:CNY58.00
    本书共五章内容:舞蹈创作基本特征、舞蹈编创的基本要素、舞蹈编创的基本技法、舞蹈创作的时空呈现、舞蹈创作的其他艺术形式。
●
相关链接 在E读中查询图书 在五车中查询图书 在当当中查询图书 在豆瓣中查询图书


正题名:舞蹈创作基础理论     索取号:J704/178         预约/预借

序号 登录号 条形码 馆藏地/架位号 状态 备注
1 1105467   211054678   第一样本阅览室/ [索取号:J704/178] 在馆    
2 1105468   211054687   教育系资料室/ [索取号:J704/178] 在馆    
3 1105469   211054696   教育系资料室/ [索取号:J704/178] 在馆    
4 1105470   211054703   教育系资料室/ [索取号:J704/178] 在馆    
5 1105471   211054712   第一借阅区/ [索取号:J704/178] 在馆    
6 1105472   211054721   第一借阅区/ [索取号:J704/178] 在馆    
唐山师范学院图书馆 欢迎您!
大连网信软件有限公司© 版权所有